LEADER 00592nam a2200169 i 4500 001 000000216943 003 CaOOAMICUS 005 20121115000000.0 008 121115s1844 it u000 u ita u 013 $a195839 040 $aSeMil$bita 245 10$aTomo 6. 300 $a294 p. 773 0 $aScarpazza, Faustino$tTeologia morale, ossia Compendio di etica cristiana.$dPalermo : Tipografia di Antonio Muratori, 1843-1845.$g6$w()27680 850 $aSeMil 852 $aSeMil$W1$xVenegono$y1$m2E II 36 FA$j167359$B167359$CSeMilBibl$Z2$F178149 $8I 996 $6245$aTomo 6$9(OLS)http://semarc/title/194410 LEADER 01156nam a2200229 i 4500 001 000000195347 003 CaOOAMICUS 005 20101210000000.0 008 101210s1935 it u000 u ita u 013 $a174019 040 $aSeMil$bita 245 13$aIl piccolo cerimoniale, ossia, raccolta di benedizioni preghiere e canti per la Gioventù femminile di Azione Cattolica Italiana /$cA cura del Consiglio Superiore della G. F. di A. C. 250 $a4. Ed. 260 $aMilano :$bGioventù Femminile di Azione Cattolica,$c1935. 300 $a32 p. ;$c22 cm. 650 4$aAzione Cattolica - Gioventù femminile.$0(OLS)http://semarc/subject/10426 700 1 $aConsiglio Superiore della G. F. di A. C.$0(OLS)http://semarc/name/70908 850 $aSeMil 852 $aSeMil$W1$xVenegono$y1$m5A XII 5/18$j145916$B145916$CSeMilBibl$Z2$F157432 $81 961 $aOmaggio: Altro 996 $6245$aIl piccolo cerimoniale, ossia, raccolta di benedizioni preghiere e canti per la Gioventù femminile di Azione Cattolica Italiana$9(OLS)http://semarc/title/281819 996 $6260$aMilano :$bGioventù Femminile di Azione Cattolica$9(OLS)http://semarc/publisher/42164